Datum a čas kvízu
33
Celkem bodů
Celkový počet nahraných bodů na tomto kvízu bez doplňovacích otázek.
3.
Pořadí na kvízu
Konečné umístění týmu na tomto kvízu.
Zaznamenané odpovědi
| # | Otázka | Odpověď | Body | Výsledky |
|---|---|---|---|---|
| 1. | Jeden z řidičů Dopravního podn... | Reklama (hnutí SPD) vylepená na voze. | 1 | |
| 2. | Jedním z bodů programu předsed... | Já jsem Tchajwanec. | 1 | |
| 3. | Poté, co očekávaný hollywoodsk... | Mulan | 1 | |
| 4. | Společnost Samsung ve středu p... | Z Fold | 0 | |
| 5. | Tenistka Karolína Muchová pora... | Venus Williamsová | 1 | |
| 6. | Když se Roald Amundsen dozvědě... | Robert Scott | 1 | |
| 7. | Snahy o prozkoumání polárních... | William Baffin | 0 | |
| 8. | „Svět kolem mne byl tak laskav... | Annapurna | 0 | |
| 9. | Roku 1938 byla poprvé pokořena... | Heinrich Harrer, Sedm let v Tibetu | 0.5 | |
| 10. | Podmořští výzkumníci Jacques P... | batyskaf | 1 |